000
00243nam a2200097Ia 4500
005
20251222114413.0
008
251222s1900||||xx |||||||||||||| ||spa||
082
_a
DVD0060 /C523D/2002
245
4
_a
The great dictador:El Gran Dictador
942
_c
DVD
999
_c
2131
_d
2131